Normal view
MARC view
- Wang, Kui.
Entry Personal Name
001 - CONTROL NUMBER
- control field: 53982
003 - CONTROL NUMBER IDENTIFIER
- control field: OSt
005 - DATE AND TIME OF LATEST TRANSACTION
- control field: 20240305081550.0
008 - FIXED-LENGTH DATA ELEMENTS
- fixed length control field: 240305|| aca||aabn | a|a d
040 ## - CATALOGING SOURCE
- Original cataloging agency: OSt
- Transcribing agency: OSt
100 ## - HEADING--PERSONAL NAME
- Personal name: Wang, Kui.
- Relator term: author.
670 ## - SOURCE DATA FOUND
- Source citation: Work cat.: (OSt): Wang, Chao. author. 53980, Submodule fault-tolerant control of modular multilevel matrix converter with adaptive optimum common-mode voltage injection /, July 2022.
